Piosenki Nirvany - nagła śmierć - Statystyki

Ogólne statystyki
  • Ten quiz został rozwiązany 179 razy
    124 od ostatniego zresetowania
  • Średni wynik to 10 z 20
Answers on the Grid
Answers color-coded by a green-red scale on the quiz's grid according to % correct below.
About A Girl
All Apologies
Breed
Buddy Holly
Come As You Are
Don't Stop Me Now
Drain You
Dumb
Even Flow
Get It On
Heart-Shaped Box
I Was Born To Love You
In Bloom
Innuendo
Iron Man
Lithium
Lounge Act
Man In The Box
Milk It
Moonage Daydream
Nevermind
Nevermore
Pennyroyal Tea
Polly
Rape Me
Rooster
School
Sliver
Smells Like Teen Spirit
Something In The Way
Stay Away
The Charming Man
Very Ape
 
Statystyki odpowiedzi
Odpowiedź % Poprawnych
About A Girl
89%
Come As You Are
87%
All Apologies
76%
Heart-Shaped Box
76%
Lithium
76%
In Bloom
69%
Dumb
64%
Drain You
62%
Breed
58%
Smells Like Teen Spirit
53%
Rape Me
44%
Lounge Act
29%
Polly
29%
Something In The Way
29%
Milk It
25%
Sliver
25%
Pennyroyal Tea
24%
Stay Away
24%
School
22%
Very Ape
20%
Nie znaleziono quizów pasujących do podanych kryteriów
Rozkład punktacji
Procent ludzi z każdym wynikiem
Percentyl według liczby udzielonych odpowiedzi
Twoja historia wyników
Nie rozwiązałeś tego quizu od ostatniego zresetowania